|
|
|
|
| LEADER |
01899nam a2200433 a 4500 |
| 001 |
nkc20091852673 |
| 003 |
CZ PrNK |
| 005 |
20110623083329.0 |
| 007 |
ta |
| 008 |
090123s2008 xr abe g f 000 0 cze |
| 015 |
|
|
|z cnb001852673
|
| 020 |
|
|
|a 978-80-254-9982-5
|q (v knize neuvedeno :
|q brož.) :
|c neprodejné
|
| 040 |
|
|
|a BOA001
|b cze
|d ABA001
|
| 041 |
1 |
|
|a cze
|a eng
|h cze
|
| 043 |
|
|
|a e-xr---
|b e-xr-jc
|2 czenas
|
| 072 |
|
7 |
|a 913(437)
|x Geografie Česka a Slovenska, reálie, cestování
|2 Konspekt
|9 7
|
| 080 |
|
|
|a 913:338.483.1
|2 MRF
|
| 080 |
|
|
|a 908(437.319)
|2 MRF
|
| 080 |
|
|
|a (036)
|2 MRF
|
| 100 |
1 |
|
|a Slavík, Martin
|7 xx0090813
|4 aut
|
| 245 |
1 |
0 |
|a Písecko - brána do jižních Čech, aneb, Desítky zážitků a tipů pro Vaši dovolenou =
|b The Písek region is the gate to South Bohemia, or, Tens of experiences and tips for your holiday /
|c [texty Martin Slavík]
|
| 246 |
3 |
0 |
|a Desítky zážitků a tipů pro Vaši dovolenou
|
| 246 |
3 |
0 |
|a Tens of experiences and tips for your holiday
|
| 246 |
3 |
1 |
|a Písek region is the gate to South Bohemia, or, Tens of experiences and tips for your holiday
|
| 260 |
|
|
|a [Písek] :
|b Kancelář destinačního managementu Písecka,
|c 2008
|
| 300 |
|
|
|a 31 s. :
|b barev. il., 1 mapa, 1 plán ;
|c 21 x 30 cm
|
| 500 |
|
|
|a Název z obálky
|
| 546 |
|
|
|a Souběžný anglický text
|
| 650 |
0 |
7 |
|a turistické zajímavosti
|7 ph126800
|z Česko
|2 czenas
|
| 650 |
0 |
9 |
|a tourist sights
|z Czechia
|2 eczenas
|
| 655 |
|
7 |
|a informační publikace
|7 fd132454
|2 czenas
|
| 655 |
|
9 |
|a information publications
|2 eczenas
|
| 651 |
|
7 |
|a Písek (Česko : oblast)
|7 ge128560
|x vlastivěda
|2 czenas
|
| 651 |
|
9 |
|a Písek Region (Czechia)
|x description and travel
|2 eczenas
|
| 910 |
2 |
|
|a BOA001
|b 4-1218.543
|
| 990 |
|
|
|a BK
|
| 995 |
|
|
|a 11
|
| 991 |
|
|
|b 200903
|c NOV
|
| 996 |
6 |
|
|b 2610370062
|c 4-1218.543
|l MZK
|r Sklad / do 1 hodiny
|n 0
|p p.v.
|w 000927846
|u 000010
|a 1
|e BOA001
|j MZK50
|s P
|